Confronting climate change : risks, implications and responses

Αποθηκεύτηκε σε:
Λεπτομέρειες βιβλιογραφικής εγγραφής
Συγγραφή απο Οργανισμό/Αρχή: Stockholm Environment Institute
Άλλοι συγγραφείς: Mintzer, Irving M. (Επιμελητής έκδοσης)
Μορφή: Βιβλίο
Γλώσσα:English
Δημοσίευση: Cambridge : Cambridge University Press, c1993
Θέματα:
Ετικέτες: Προσθήκη ετικέτας
Δεν υπάρχουν, Καταχωρήστε ετικέτα πρώτοι!

MARC

LEADER 00000nam a2200000 i 4500
001 1/69700
008 981110s1993 eng d
020 |a 0-521-42109-8 
035 |l 10030441 
040 |a GR-MY-UA  |b gre  |e aacr 
041 0 |a eng 
082 0 |a 551.6 
245 1 0 |a Confronting climate change :  |b risks, implications and responses /  |c Edited by Irving M. Mintzer 
260 |a Cambridge :   |b Cambridge University Press,   |c c1993 
300 |a 382 p.  |b fig.; tabl. 
504 |a Includes bibliographical references and index 
650 0 0 |a Climatic changes. 
700 1 |a Mintzer, Irving M.  |4 edt 
710 2 |a Stockholm Environment Institute. 
852 |a INST  |b LESVOS  |e 19981110  |h 551.6 CLI  |p 005100012718  |q 005100012718  |t BK  |y 0 
901 |a BIBL-1998-3 
909 |a Λ  |b 059798 
922 |a 1ΕΛΗ  |b 199810  |c ΚΠΣ/ΤΠ  |d ΠΑΠΑΣΩΤΗΡΙΟΥ 
950 |a 118-1998-07-21